The grass is singing / (Record no. 5131)
[ view plain ]
| 000 -LEADER | |
|---|---|
| fixed length control field | 00451nam a2200157 4500 |
| 003 - CONTROL NUMBER IDENTIFIER | |
| control field | IeDuTC |
| 005 - DATE AND TIME OF LATEST TRANSACTION | |
| control field | 20181127180832.0 |
| 008 - FIXED-LENGTH DATA ELEMENTS--GENERAL INFORMATION | |
| fixed length control field | 900328s1989 enk 000 1 eng |
| 020 ## - INTERNATIONAL STANDARD BOOK NUMBER | |
| International Standard Book Number | 9780586089248 |
| Terms of availability | |
| 100 1# - MAIN ENTRY--PERSONAL NAME | |
| Personal name | Lessing, Doris, |
| Dates associated with a name | 1919- |
| 245 14 - TITLE STATEMENT | |
| Title | The grass is singing / |
| Statement of responsibility, etc. | Doris Lessing. |
| 260 ## - PUBLICATION, DISTRIBUTION, ETC. | |
| Name of publisher, distributor, etc. | Paladin, |
| Date of publication, distribution, etc. | 1989. |
| 300 ## - PHYSICAL DESCRIPTION | |
| Extent | 206p. |
| 650 ## - SUBJECT ADDED ENTRY--TOPICAL TERM | |
| Topical term or geographic name entry element | South Africa -- Fiction. |
| Form subdivision | |
| General subdivision | |
| Chronological subdivision | |
| Geographic subdivision | |
| Source of heading or term | |
| Topical term or geographic name entry element | South Africa -- Race relation -- Fiction. |
| Form subdivision | |
| General subdivision | |
| Chronological subdivision | |
| Geographic subdivision | |
| Source of heading or term | |
| Withdrawn status | Lost status | Source of classification or shelving scheme | Damaged status | Not for loan | Collection code | Home library | Current library | Shelving location | Date acquired | Serial Enumeration / chronology | Inventory number | Total Checkouts | Total Renewals | Full call number | Barcode | Date last seen | Date last checked out | Price effective from | Koha item type |
|---|---|---|---|---|---|---|---|---|---|---|---|---|---|---|---|---|---|---|---|
| Dewey Decimal Classification | Fiction | RTC Library | RTC Library | Fiction | 01/03/2021 | 9595 | 7 | 5 | FIC 813.54 LES | 30008505 | 22/08/2023 | 17/08/2023 | 27/11/2018 | Fiction |